Programový systém pre plánovanie pracovníkov a miezd vysokých škôl používateľská príručka
Saved in:
| Main Author: | |
|---|---|
| Format: | Book |
| Language: | Slovak |
| Published: |
Bratislava
VŠE
1985
|
| Tags: |
No Tags, Be the first to tag this record!
|
MARC
| LEADER | 00000nam a2200000 4500 | ||
|---|---|---|---|
| 001 | c041220 | ||
| 005 | 20260326070521.1 | ||
| 041 | 0 | |a slo | |
| 044 | |a SK | ||
| 245 | 1 | 0 | |a Programový systém pre plánovanie pracovníkov a miezd vysokých škôl |b používateľská príručka |c F. Turnovec |
| 264 | 1 | |a Bratislava |b VŠE |c 1985 | |
| 300 | |a 119 s. | ||
| 100 | 1 | |a Turnovec, F. | |